| 000 | 00927cac a2200241 a 4500 | ||
|---|---|---|---|
| 003 | Co-PeBPM | ||
| 005 | 20240523180313.0 | ||
| 007 | ta | ||
| 008 | 231129s1998||||ck a||||||||||||| ||spa|| | ||
| 020 | _a958949823 X (Serie) | ||
| 040 |
_aCo-PeBPM _bspa _cCo-PeBPM |
||
| 082 |
_a004 A481i _2Lemb |
||
| 100 |
_aAmador Montano, José Francisco _eautor |
||
| 245 | 0 |
_aInformática en el aula _c/ José Francisco Amador Montaña |
|
| 260 |
_aBogotá, Colombia _b: Prentice Hall de Colombia, _c1998 |
||
| 300 |
_a6 volúmenes _bilustraciones en color _c27 centímetros |
||
| 500 | _aIncluyen índices | ||
| 504 | _aIncluyen bibliografía | ||
| 650 |
_aInformática - Enseñanza elemental - Libros de texto _2Lemb |
||
| 650 |
_aComputadores - Enseñanza elemental - Libros de texto _2Lemb |
||
| 942 |
_2ddc _cBK |
||
| 999 |
_c15664 _d15664 |
||